01115cam a2200373 a 4500003000500000005001700005008004100022020001800063020001800081020001500099041001200114082001600126100002200142245008100164250001200245260007400257300001600331650001800347650003500365650003100400650002200431650002700453650002900480650001700509650002700526650003100553650003100584650001800615650001600633650003600649700002000685700001800705700001800723CUTN20180207103305.0110720s2012 enka b 001 0 eng c a9789332575226 a9780273760597 a0273760599 aEnglish a004.36bCOU aCoulouris, George00aDistributed systems :bconcepts and design /cGeorge Coulouris ... [et al.]. a5th ed. aBoston, Mass. ;aLondon :bAddison-Wesley/Pearson,cc2012 [i.e. 2011] axv,1047 p.: aSystem Models aNetworking and Internetworking aInterprocess Communication aRemote Invocation aIndirect Communication aOperating System Support aWeb Services aTime and Global States aCoordination and Agreement aCoordination and Agreement aName Services aReplication aMobile and Ubiquitous Computing aDollimore, Jean aKindberg, Tim aBlair, Gordon